[Event "NLD-ch sf"]
[Site "Enschede"]
[Date "1991.??.??"]
[Round "3"]
[White "Klarenbeek, Hans"]
[Black "De Boer, Gert Jan"]
[Result "1-0"]
[WhiteElo "2370"]
[BlackElo "2420"]

1.d4 Nf6 2.c4 e6 3.Nc3 Bb4 4.Qc2 O-O 5.a3 Bxc3+ 6.Qxc3 b6 7.Bg5 Bb7 8.f3 h6
9.Bh4 d5 10.e3 Nbd7 11.cxd5 exd5 12.Bd3 c5 13.Ne2 Ne4 14.Bxd8 Nxc3 15.bxc3 Rfxd8
16.a4 Nf8 17.Kd2 Ne6 18.Rhb1 Bc6 19.Bb5 Bb7 20.Bd3 Bc6 21.h4 Kf8 22.g4 Rab8
23.f4 Nc7 24.g5 hxg5 25.hxg5 g6 26.Rh1 Kg7 27.f5 gxf5 28.Ng3 Bd7 29.Bxf5 Be6
30.Rh7+ Kf8 31.g6 fxg6 32.Bxg6 Rd7 33.Rf1+ Kg8 34.Rfh1 Rbd8 35.Nf5 Rxh7 36.Rxh7 Rd7
37.Rh5 Bxf5 38.Bxf5 Re7 39.Rh6 Kf7 40.dxc5 bxc5 41.Rc6 c4 42.Ke2 Ne6 43.Bxe6+ Rxe6
44.Rc5 Ra6 45.Rxd5 Rxa4 46.e4 Ra3 47.Kd2 Ke6 48.Rc5 Ra4 49.Ke3 Kd6 50.Kd4 Ra1
51.Rd5+ Ke6 52.Rh5 Ra4 53.Rh6+ Kd7 54.Kd5 Ra5+ 55.Kxc4 Ra4+ 56.Kd5 Ra5+ 57.Kd4 Ra4+
58.c4 Ra5 59.Rh7+ Ke6 60.e5 Ra1 61.Rh6+ Ke7 62.Kd5 Rd1+ 63.Kc6 a5 64.Kb5 Re1
65.Kxa5 Rxe5+ 66.Kb6 Re1 67.c5  1-0

[Event "Espoo op"]
[Site "Espoo"]
[Date "1991.??.??"]
[Round "3"]
[White "Issakainen, Ari"]
[Black "Callergard, Robert"]
[Result "1-0"]
[WhiteElo "2280"]
[BlackElo "2340"]

1.d4 Nf6 2.c4 e6 3.Nc3 Bb4 4.Qc2 O-O 5.a3 Bxc3+ 6.Qxc3 Qe8 7.Nf3 d6 8.b3 b6
9.g3 Bb7 10.Bg2 Nbd7 11.O-O Rb8 12.Bb2 Ne4 13.Qc2 f5 14.Ne1 Qh5 15.Nd3 g5
16.e3 Rbe8 17.b4 Rf6 18.Qd1 Qxd1 19.Rfxd1 Rf7 20.Rac1 Rb8 21.Rc2 a6 22.Ba1 Nf8
23.Re1 Nf6 24.Bf1 h5 25.Be2 N8h7 26.h3 Nf8 27.Rf1 Ng6 28.Bb2 Rbf8 29.Ne1 h4
30.Nf3 Ne4 31.gxh4 Nxh4 32.Nxh4 gxh4 33.Kh2 Rg7 34.d5 e5 35.Bd3 Rf6 36.Rg1 Rxg1
37.Kxg1 Rg6+ 38.Kh2 Bc8 39.f3 Ng3 40.c5 Bb7 41.cxb6 cxb6 42.e4 f4 43.Bc3 Rg7
44.Be1 b5 45.Bf2 Kf8 46.Bb6 Ke8 47.Rc1 Nh5 48.Bf2 Ng3 49.Rc3 Kd8 50.Bb6+ Ke8
51.a4 bxa4 52.b5 axb5 53.Bxb5+ Ke7 54.Rc7+ Kf6 55.Rxg7 Kxg7 56.Bc7 Kf6 57.Bxd6 Bc8
58.Kg2 Bb7 59.Ba3 Bc8 60.Bb4 Kf7 61.Ba3 Kf6 62.Bb2 Nh5 63.Bxa4  1-0

[Event "Espoo op"]
[Site "Espoo"]
[Date "1991.??.??"]
[Round "5"]
[White "Norri, Joose"]
[Black "Lindberg, Bengt"]
[Result "1/2-1/2"]
[WhiteElo "2325"]
[BlackElo "2365"]

1.d4 Nf6 2.c4 e6 3.Nc3 Bb4 4.Qc2 O-O 5.a3 Bxc3+ 6.Qxc3 Qe8 7.Nf3 d6 8.g3 b6
9.Bg2 Bb7 10.O-O Nbd7 11.b4 Ne4 12.Qc2 f5 13.Bb2 Ndf6 14.Rac1 Qh5 15.Nd2 Nxd2
16.Qxd2 Bxg2 17.Kxg2 Ne4 18.Qd3 Rf6 19.f3 Ng5 20.h4 Nf7 21.f4 Re8 22.Qf3 Qxf3+
23.exf3 Nd8 24.Rfe1 Rf7 25.Re3 Rd7 26.Rc2 Ree7 27.d5 c5 28.dxc6 Nxc6 29.Rd2 Rd8
30.Bc3 Kf7 31.b5 Nb8 32.Bb4 Red7 33.Red3 d5 34.cxd5 Rxd5 35.Rxd5 Rxd5 36.Rc2 a5
37.Rc7+ Nd7 38.Bc3 h5 39.a4 g6 40.Be1 Ke7 41.Bf2 Rd6 42.Ra7 Rd2 43.Kf1 Kd6
44.Rb7 Ra2 45.Bxb6 Rxa4 46.Bc7+ Kd5 47.Bxa5 Nc5 48.Ra7 Ra1+ 49.Ke2 Ra2+ 50.Kd1 Rb2
51.b6 Rb5 52.Kc2 Kc4 53.Ra8 Na4 54.Rg8 Nxb6 55.Bd2 Na4 56.Rxg6 Rb2+ 57.Kc1 Kd3
58.Ba5 Rb5 59.Be1 Rb6 60.g4 hxg4 61.fxg4 fxg4 62.h5 Rc6+ 63.Kb1 Rb6+ 64.Ka2 Nc3+
65.Bxc3 Kxc3 66.Rxg4 Rb2+ 67.Ka3 Rh2 68.Rg5 Rh1 69.Ka4 Rh4 70.Kb5 Kd3 71.Re5 Rxf4
72.Kc5 Rf6 73.Kd6 Rh6 74.Rg5 Ke4 75.Rg6 Rxh5  1/2-1/2

[Event "Euskadi-Georgia"]
[Site "Euskadi"]
[Date "1991.??.??"]
[Round "?"]
[White "Janjgava, Lasha"]
[Black "Gallego Eraso, Francisco"]
[Result "1-0"]
[WhiteElo "2495"]
[BlackElo "2395"]

1.d4 Nf6 2.c4 e6 3.Nc3 Bb4 4.Qc2 O-O 5.a3 Bxc3+ 6.Qxc3 b6 7.Bg5 Bb7 8.f3 d5
9.e3 Nbd7 10.Nh3 c5 11.cxd5 exd5 12.Bd3 h6 13.Bh4 Qe7 14.Bf5 Rad8 15.O-O Rfe8
16.Rfe1 Bc8 17.Nf2 Nf8 18.Bc2 Ng6 19.Bxg6 fxg6 20.Rac1 cxd4 21.Qxd4 Be6 22.Rc6 g5
23.Bg3 Rc8 24.Rec1 Rxc6 25.Rxc6 Rc8 26.Rxc8+ Bxc8 27.Nd3 Be6 28.h3 Nd7 29.Be5 Qf7
30.Nb4 Nf8 31.Qc3 Ng6 32.Qc7 Qxc7 33.Bxc7 Ne7 34.Kf2 Kf7 35.Bd6 a5 36.Nd3 Nc6
37.a4 Na7 38.Be5 Bd7 39.Bb8 Nc6 40.Bc7 d4 41.exd4 Ke6 42.Bxb6 Kd5 43.Ke3 Bf5
44.g4 Bh7 45.Bc5 Kc4 46.Nf2 g6 47.Ne4 Bg8 48.Nd2+ Kd5 49.b3  1-0

[Event "FRA-chT"]
[Site "FRA"]
[Date "1991.??.??"]
[Round "?"]
[White "Neidhardt, Claus Ulrich"]
[Black "Pinter, Jozsef"]
[Result "1/2-1/2"]
[WhiteElo "2325"]
[BlackElo "2565"]

1.d4 Nf6 2.c4 e6 3.Nc3 Bb4 4.Qc2 O-O 5.a3 Bxc3+ 6.Qxc3 b6 7.Bg5 Ba6 8.e3 c6
9.Bd3 h6 10.Bh4 d6 11.Nf3 Nbd7 12.O-O Re8 13.Nd2 Rc8 14.Qc2 d5 15.Qa4 Nb8
16.Qb3 dxc4 17.Bxc4 b5 18.Bd3 Nbd7 19.Rfd1 Qb6 20.Bxf6 Nxf6 21.Ne4 Rcd8 22.Nxf6+ gxf6
23.Rac1 Bb7 24.Rc5 Rd5 25.Rxd5 exd5 26.Qc2 Bc8 27.Rc1 Bd7 28.Bf5 Bxf5 29.Qxf5 Re6
30.Qg4+ Kf8 31.Qf4 Kg7 32.Qg4+ Kh7 33.Qf5+ Kg7 34.Qg4+ Kf8 35.Qf4 Kg7  1/2-1/2

[Event "ISL-ch"]
[Site "Gardabaer"]
[Date "1991.??.??"]
[Round "4"]
[White "Gretarsson, Helgi Ass"]
[Black "Arnason, Jon L"]
[Result "0-1"]
[WhiteElo "2260"]
[BlackElo "2540"]

1.d4 Nf6 2.c4 e6 3.Nc3 Bb4 4.Qc2 O-O 5.a3 Bxc3+ 6.Qxc3 b6 7.Bg5 Bb7 8.f3 h6
9.Bh4 d5 10.e3 Re8 11.cxd5 exd5 12.Nh3 Qe7 13.Bf2 c5 14.Bb5 Bc6 15.Bxc6 Nxc6
16.O-O Rac8 17.Rac1 c4 18.Nf4 b5 19.h4 h5 20.Qc2 Qd7 21.Rfe1 b4 22.axb4 Rb8
23.Re2 Nxb4 24.Qb1 Qb5 25.Qf5 Rb6 26.Rc3 Nc6 27.Rd2 Ne7 28.Qg5 g6 29.e4 Qa4
30.e5 Nh7 31.Qg3 Nf5 32.Qh3 Rxb2 33.Rxb2 Qa1+ 34.Kh2 Qxb2 35.Be1 Qa1 36.Bd2 Qd1
37.Bc1 Qxd4 38.Rc2 Rxe5 39.g3 c3 40.Qf1 Ne3 41.Bxe3 Qxe3 42.Re2 Qd4 43.Rxe5 Qxe5
44.Qa6 Qd4 45.Qc8+ Nf8 46.Qd8 c2 47.Nxd5 Qd2+ 48.Kh3 c1=Q 49.Nf6+ Kg7 50.Ne8+ Kh7  0-1

[Event "ISL-ch"]
[Site "Gardabaer"]
[Date "1991.??.??"]
[Round "9"]
[White "Sigfusson, Sigurdur"]
[Black "Arnason, Jon L"]
[Result "1-0"]
[WhiteElo "2270"]
[BlackElo "2540"]

1.d4 Nf6 2.c4 e6 3.Nc3 Bb4 4.Qc2 O-O 5.a3 Bxc3+ 6.Qxc3 b6 7.Bg5 Bb7 8.f3 h6
9.Bh4 d5 10.e3 Re8 11.Bd3 Qe7 12.Ne2 a5 13.O-O Na6 14.Rae1 c5 15.cxd5 exd5
16.Ng3 Qe6 17.Nf5 Rac8 18.Qd2 Nb8 19.dxc5 bxc5 20.Qxa5 Nc6 21.Qc3 Ne5 22.Bb1 Ba6
23.Rf2 d4 24.exd4 cxd4 25.Qd2 d3 26.f4 Nfg4 27.fxe5 Nxf2 28.Qxf2 Qxe5 29.Ne7+ Rxe7
30.Bxe7 Qd5 31.Bb4 Qb3 32.Bc3 Rd8  1-0

[Event "Garmisch Partenkirchen op"]
[Site "Garmisch Partenkirchen"]
[Date "1991.??.??"]
[Round "?"]
[White "Graf, Juergen"]
[Black "Farago, Ivan"]
[Result "0-1"]
[WhiteElo "2430"]
[BlackElo "2495"]

1.d4 Nf6 2.c4 e6 3.Nc3 Bb4 4.Qc2 O-O 5.a3 Bxc3+ 6.Qxc3 b6 7.Bg5 Bb7 8.f3 h6
9.Bh4 d5 10.e3 Nbd7 11.Bd3 dxc4 12.Bxc4 Rc8 13.Ne2 c5 14.O-O cxd4 15.Qxd4 e5
16.Qd3 Qe7 17.Bxf6 Nxf6 18.Qb3 e4 19.f4 Ng4 20.Rac1 Rxc4 21.Qxc4 Qh4 22.h3 Nxe3
23.Qc7 Nxf1 24.Qxb7 Nd2 25.Qd7 e3 26.Rc8 Nf3+ 27.gxf3 Qe1+ 28.Kh2 Qxe2+ 29.Kg1 Qf2+
30.Kh1 Qxf3+ 31.Kg1 Qf2+ 32.Kh1 Qf1+ 33.Kh2 Qxf4+  0-1

[Event "Gausdal Int"]
[Site "Gausdal"]
[Date "1991.??.??"]
[Round "5"]
[White "Wegner, Hannu"]
[Black "Dahl, Ingrid"]
[Result "1/2-1/2"]
[WhiteElo "2425"]
[BlackElo "2130"]

1.d4 Nf6 2.c4 e6 3.Nc3 Bb4 4.Qc2 O-O 5.a3 Bxc3+ 6.Qxc3 Qe8 7.f3 d6 8.e4 e5
9.Be3 Nbd7 10.Ne2 a5 11.dxe5 dxe5 12.c5 Nb8 13.Ng3 Nc6 14.Rd1 Qe7 15.Bb5 Bd7
16.O-O a4 17.Nf5 Qe6 18.Bc4 Qe8 19.Bg5 Be6 20.Bxf6 gxf6 21.Bb5 Bb3 22.Qe3 Be6
23.g4 Bxf5 24.gxf5 Qe7 25.Bxc6 bxc6 26.Rf2 Rad8 27.Rg2+ Kh8 28.Rgd2 Rxd2
29.Rxd2 Rd8 30.Rxd8+ Qxd8 31.Kg2 Kg7 32.Qe2 Qd4 33.Qc2 Kf8 34.Qf2 Qc4 35.Kg3  1/2-1/2

[Event "Arnold Cup"]
[Site "Gausdal"]
[Date "1991.??.??"]
[Round "6"]
[White "Remlinger, Larry"]
[Black "Schmittdiel, Eckhard"]
[Result "1/2-1/2"]
[WhiteElo "2365"]
[BlackElo "2485"]

1.d4 Nf6 2.c4 e6 3.Nc3 Bb4 4.Qc2 O-O 5.a3 Bxc3+ 6.Qxc3 a5 7.b3 b6 8.Bg5 Bb7
9.f3 h6 10.Bh4 d5 11.e3 Nbd7 12.cxd5 exd5 13.Bd3 Qe7 14.Bf2 c5 15.Ne2 Rfc8
16.O-O cxd4 17.Qxd4 Nc5 18.Bf5 Rc6 19.Rfb1 g6 20.Bh3 Bc8 21.Bxc8 Raxc8 22.Qd2 Ne6
23.Rc1 Rxc1+ 24.Rxc1 Rxc1+ 25.Qxc1 Nd7 26.Nc3 Qc5 27.Qb2 Qd6 28.b4 axb4 29.axb4 Qe5
30.Qd2 Nf6 31.Bg3 Qg5 32.Nb5 Qf5 33.h3 h5 34.Kh2 g5 35.Nd6 Qb1 36.Qc3 d4
37.Qc8+ Nf8 38.Qc4 Ne6 39.exd4 h4 40.Be5 Nd7 41.Qc8+ Nef8 42.Qe8 Qg6 43.Ne4 Qf5
44.Bd6 Kg7 45.Qe7 Nh7 46.Nc3 Nhf6 47.Qe2 Qe6 48.Qxe6 fxe6 49.g4 hxg3+ 50.Kxg3 Kg6
51.Ne4 Kf5 52.Nc3 Nh5+ 53.Kf2 e5 54.Bxe5 Nxe5 55.dxe5 Nf4 56.b5 Nxh3+ 57.Kg3 Nf4
58.Ne4 Ne2+ 59.Kh3 Nd4 60.Nd6+ Kxe5 61.Nc4+ Kf4 62.Kg2 Nxb5 63.Nxb6  1/2-1/2

[Event "Arnold Cup"]
[Site "Gausdal"]
[Date "1991.??.??"]
[Round "7"]
[White "Karason, Askell O"]
[Black "Tisdall, Jonathan D"]
[Result "0-1"]
[WhiteElo "2250"]
[BlackElo "2435"]

1.d4 Nf6 2.c4 e6 3.Nc3 Bb4 4.Qc2 O-O 5.a3 Bxc3+ 6.Qxc3 b5 7.cxb5 c6 8.Bg5 cxb5
9.e3 Bb7 10.Nf3 a6 11.Be2 h6 12.Bh4 g5 13.Bg3 Ne4 14.Qc2 f5 15.Bxb8 Rxb8
16.O-O Rc8 17.Qd1 Qa5 18.Ne5 d6 19.Nd3 Qd2 20.Bf3 Qxd1 21.Bxd1 Bd5 22.f3 Bc4
23.Bc2 Nd2 24.Rfe1 Bxd3 25.Bxd3 Nb3 26.Rad1 Kg7 27.a4 bxa4 28.Bxa6 Rc2 29.Re2 Rxe2
30.Bxe2 Rb8 31.g3 Kf6 32.h4 gxh4 33.gxh4 f4 34.Kf2 Na5 35.Ra1 fxe3+ 36.Kxe3 Rb3+
37.Kf2 Rb4 38.Ke3 Nc6 39.Bd1 Nxd4 40.Rxa4 Nf5+ 41.Kd3 Rxb2 42.Bc2 Rb6 43.Rg4 Rc6
44.h5 Ne7 45.f4 Rc5 46.Rh4 Nc6 47.Bd1 Rd5+ 48.Ke2 Nd4+ 49.Kf2 Nf5 50.Rh1 Rd2+
51.Kf3 d5 52.Rg1 Rh2 53.Ba4 Rxh5 54.Rg8 Rh3+ 55.Kf2 Ra3 56.Rf8+ Ke7 57.Re8+ Kf7
58.Ra8 Rc3 59.Be8+ Ke7 60.Bh5 Rc7 61.Re8+ Kd6 62.Rd8+ Kc5 63.Bg4 Rf7 64.Ra8 Rf6
65.Ra5+ Kb6 66.Ra8 Nd6 67.Kg3 Ne4+ 68.Kh2 Nf2 69.Kg3 Nxg4 70.Kxg4 Kc5  0-1

[Event "Troll Masters"]
[Site "Gausdal"]
[Date "1991.??.??"]
[Round "9"]
[White "Gausel, Einar"]
[Black "Fossan, Erik"]
[Result "1/2-1/2"]
[WhiteElo "2425"]
[BlackElo "2280"]

1.d4 Nf6 2.c4 e6 3.Nc3 Bb4 4.Qc2 O-O 5.Nf3 d6 6.Bg5 Nbd7 7.a3 Bxc3+ 8.Qxc3 Re8
9.e3 e5 10.Be2 Qe7 11.Rc1 a5 12.b3 Nf8 13.Qb2 h6 14.Bxf6 Qxf6 15.c5 Qg6  1/2-1/2

[Event "Geneve op"]
[Site "Geneve"]
[Date "1991.??.??"]
[Round "6"]
[White "Flear, Glenn C"]
[Black "Grosar, Aljosa"]
[Result "1-0"]
[WhiteElo "2470"]
[BlackElo "2370"]

1.d4 Nf6 2.c4 e6 3.Nc3 Bb4 4.Qc2 O-O 5.a3 Bxc3+ 6.Qxc3 Qe8 7.f3 d6 8.e4 e5
9.Be3 Nbd7 10.Ne2 a5 11.b3 c6 12.d5 Nc5 13.Nc1 b5 14.Bxc5 dxc5 15.Nd3 b4
16.Qxe5 Qxe5 17.Nxe5 cxd5 18.cxd5 Nxd5 19.exd5 Re8 20.f4 f6 21.Bb5 Bg4 22.Bxe8 Rxe8
23.O-O fxe5 24.fxe5 Rxe5 25.axb4  1-0

[Event "BL2-N9091"]
[Site "Germany"]
[Date "1991.??.??"]
[Round "?"]
[White "Lingnau, Carsten"]
[Black "Breyther, Ruediger"]
[Result "1-0"]
[WhiteElo "2225"]
[BlackElo "2350"]

1.d4 Nf6 2.c4 e6 3.Nc3 Bb4 4.Qc2 O-O 5.a3 Bxc3+ 6.Qxc3 b6 7.Bg5 Bb7 8.e3 d6
9.f3 Nbd7 10.Nh3 a5 11.b3 c5 12.dxc5 bxc5 13.Bd3 Qb6 14.O-O Rfc8 15.Rab1 Qc7
16.Rfd1 Ra6 17.Qe1 Rb6 18.Nf2 Ra8 19.Rdc1 Bc6 20.Qc3 Qb7 21.Rd1 Rb8 22.Qxa5 Ra8
23.Qc3 Rxa3 24.Bc2 Ba4 25.Bxf6 gxf6 26.Ne4 Bxb3 27.Nxf6+ Nxf6 28.Qxf6 Qb8
29.Qg5+ Kh8 30.Rxb3 Raxb3 31.Qh6 Qg8 32.Bxb3 Rxb3 33.Qf6+ Qg7 34.Qd8+ Qg8
35.Qxd6 Rxe3 36.Qf4  1-0

[Event "BL2-N9091"]
[Site "Germany"]
[Date "1991.??.??"]
[Round "?"]
[White "Schirm, Friedmar"]
[Black "Ahmels, Volker"]
[Result "1-0"]
[WhiteElo "2275"]
[BlackElo "2265"]

1.d4 Nf6 2.c4 e6 3.Nc3 Bb4 4.Qc2 O-O 5.a3 Bxc3+ 6.Qxc3 d5 7.Bg5 h6 8.Bxf6 Qxf6
9.Nf3 c6 10.e3 Nd7 11.Bd3 dxc4 12.Bxc4 c5 13.O-O cxd4 14.Qxd4 Qxd4 15.Nxd4 Nb6
16.Be2 Bd7 17.Bf3 e5 18.Nb3 Rac8 19.Na5 Bc6 20.Nxb7 Bxf3 21.gxf3 Nc4 22.b4 Nd2
23.Rfc1 Nxf3+ 24.Kg2 Nh4+ 25.Kg3 g5 26.Rc5 Rce8 27.Rd1 Re7 28.Na5 f5 29.Nc6 f4+
30.exf4 exf4+ 31.Kg4 Re6 32.Rd7 Ng6 33.Kh5 f3 34.Nd4 Nf4+ 35.Kg4 h5+ 36.Kg3 Rg6
37.Nxf3 h4+ 38.Kg4 Ne6 39.Rf5 Rc8 40.Ne5 Rh6 41.Rxa7 h3 42.Kg3  1-0

[Event "BL2-S9091"]
[Site "Germany"]
[Date "1991.??.??"]
[Round "?"]
[White "Effert, Kai"]
[Black "Schmidt, Peter"]
[Result "1/2-1/2"]
[WhiteElo "2280"]
[BlackElo "2390"]

1.d4 Nf6 2.c4 e6 3.Nc3 Bb4 4.Qc2 O-O 5.a3 Bxc3+ 6.Qxc3 Qe8 7.g3 d6 8.Bg2 e5
9.dxe5 dxe5 10.Be3 Nbd7 11.Rd1 a5 12.b3 Qe7 13.Bc1 Nc5 14.Nf3 Nfe4 15.Qc2 Bd7
16.O-O Bc6 17.Bb2 f6 18.Nd2 Nxd2 19.Rxd2 Bxg2 20.Kxg2 Qe6 21.b4 axb4 22.axb4 Na4
23.Qe4 c6 24.f4 Nb6 25.Rc1 Rae8 26.fxe5 Nd7 27.Rcd1 Nxe5 28.Bxe5 Qxe5 29.Qxe5 Rxe5
30.Rd7 Rf7 31.Rd8+ Rf8 32.R8d7 Rf7 33.Rd8+  1/2-1/2

[Event "BL2-SW9091"]
[Site "Germany"]
[Date "1991.??.??"]
[Round "?"]
[White "Bosbach, Gerhard"]
[Black "Wirthensohn, Heinz"]
[Result "0-1"]
[WhiteElo "2270"]
[BlackElo "2460"]

1.d4 Nf6 2.c4 e6 3.Nc3 Bb4 4.Qc2 O-O 5.a3 Bxc3+ 6.Qxc3 d6 7.Nf3 b6 8.g3 c5
9.Bg2 Qc7 10.O-O Nbd7 11.b4 Ba6 12.dxc5 bxc5 13.Nd2 Rac8 14.b5 Bb7 15.e4 d5
16.cxd5 exd5 17.Bb2 d4 18.Qc2 a6 19.a4 Ba8 20.Rfc1 axb5 21.axb5 Qe5 22.Nc4 Qc7
23.Ra6 Rb8 24.Rca1 Bb7 25.Ra7 Ne5 26.Bc1 Nxc4 27.Qxc4 Nd7 28.Bf4 Ne5 29.b6 Qd6
30.Qb5 f6 31.Rc1 Rfc8 32.Bh3 Rc6 33.Bxe5 fxe5 34.Qb3+ Kh8 35.Rb1 c4 36.Qf3 Rxb6
37.Rba1 d3 38.Qf7 c3 39.R7a4 d2 40.Bg4 c2  0-1

[Event "BL2-W9091"]
[Site "Germany"]
[Date "1991.??.??"]
[Round "?"]
[White "Schoen, Wolfram"]
[Black "King, Daniel J"]
[Result "0-1"]
[WhiteElo "2390"]
[BlackElo "2545"]

1.d4 Nf6 2.c4 e6 3.Nc3 Bb4 4.Qc2 O-O 5.a3 Bxc3+ 6.Qxc3 b6 7.Bg5 h6 8.Bh4 c5
9.dxc5 bxc5 10.f3 Nc6 11.e3 Rb8 12.Bd3 Ne4 13.Bxe4 Qxh4+ 14.g3 Qe7 15.Ne2 Bb7
16.O-O d6 17.b4 Ne5 18.bxc5 Bxe4 19.fxe4 Rfc8 20.cxd6 Qxd6 21.Rad1 Qc5 22.Rd4 Rb7
23.Nf4 Nc6 24.Rd2 Rcb8 25.Ng2 Rb3 26.Qc2 Qxa3 27.Qd1 Qc5 28.Rdf2 Ne5 29.Qh5 Qc7
30.c5 Rc3 31.Nf4 Rxc5 32.Qh3 Rc1 33.Nh5 Rbb1  0-1

[Event "Aandalucia-ch"]
[Site "Granada"]
[Date "1991.??.??"]
[Round "2"]
[White "Munoz Moreno, Francisco Javier"]
[Black "Del Prado, Cesar"]
[Result "0-1"]
[WhiteElo "2280"]
[BlackElo "2215"]

1.d4 Nf6 2.c4 e6 3.Nc3 Bb4 4.Qc2 O-O 5.a3 Bxc3+ 6.Qxc3 b6 7.Bg5 Bb7 8.Nh3 h6
9.Bh4 d5 10.cxd5 exd5 11.e3 c5 12.dxc5 g5 13.Bg3 d4 14.Qxd4 Qxd4 15.exd4 Re8+
16.Kd1 Nc6 17.Bb5 Red8 18.Bxc6 Bxc6 19.f3 Rxd4+ 20.Kc2 Rc4+ 21.Kb1 Rxc5 22.b4 Rd5
23.Nf2 Bd7 24.Rd1 Bf5+ 25.Kb2 Re8 26.Rxd5 Nxd5 27.Ne4 Bxe4 28.fxe4 Rxe4 29.Rd1 Re2+
30.Kb3 Re3+ 31.Kc4 Rxg3 32.Kxd5 Rxg2 33.Kc6 Re2 34.Rd7 Rxh2 35.Rxa7 g4 36.Rd7 g3
37.Rd3 g2 38.Rg3+ Kh7 39.a4 f5 40.a5 f4 41.Rg4 bxa5 42.b5 f3 43.b6 Rh1  0-1

[Event "Groningen op"]
[Site "Groningen"]
[Date "1991.??.??"]
[Round "4"]
[White "Schwartzman, Gabriel"]
[Black "Levin, Felix"]
[Result "0-1"]
[WhiteElo "2360"]
[BlackElo "2445"]

1.d4 Nf6 2.c4 e6 3.Nc3 Bb4 4.Qc2 O-O 5.a3 Bxc3+ 6.Qxc3 b6 7.Bg5 Bb7 8.Nh3 h6
9.Bh4 d5 10.cxd5 exd5 11.e3 g5 12.Bg3 c5 13.dxc5 d4 14.Qxd4 Qxd4 15.exd4 Re8+
16.Be5 Nc6 17.O-O-O Nxe5 18.dxe5 Rxe5 19.cxb6 Be4 20.b4 axb6 21.Kb2 g4 22.Ng1 Rc8
23.Rd2 Bf5 24.Ba6 Ra8 25.Bb7 Ra7 26.Bc6 Re1 27.Re2 Rb1+ 28.Ka2 Rxb4 29.Rb2 Rc4
30.Rxb6 Rc2+ 31.Kb3 Rc1 32.Ka2 Be4 33.Bxe4 Nxe4  0-1

[Event "Guildford"]
[Site "Guildford"]
[Date "1991.??.??"]
[Round "?"]
[White "Tozer, Richard"]
[Black "Cullip, Stephen"]
[Result "1-0"]
[WhiteElo "2340"]
[BlackElo "2335"]

1.d4 Nf6 2.c4 e6 3.Nc3 Bb4 4.Qc2 O-O 5.a3 Bxc3+ 6.Qxc3 Qe8 7.f3 d6 8.e4 e5
9.d5 a5 10.b3 Nfd7 11.g4 Nc5 12.Be3 Bd7 13.Ne2 Nba6 14.Ng3 c6 15.Be2 cxd5
16.exd5 b5 17.O-O a4 18.b4 Nb3 19.Rad1 bxc4 20.Qxc4 Qb8 21.Nf5 Bxf5 22.gxf5 f6
23.f4 Rc8 24.Qe4 Re8 25.Bh5 Re7 26.Rf3 Nc7 27.Rg3 Nb5 28.fxe5 Rxe5 29.Qh4 Nc3
30.Rxg7+ Kxg7 31.Bh6+ Kxh6 32.Bg6+  1-0

[Event "Hamburg HSK"]
[Site "Hamburg"]
[Date "1991.??.??"]
[Round "4"]
[White "Michaelsen, Nils"]
[Black "Doery, Jeno"]
[Result "1/2-1/2"]
[WhiteElo "2370"]
[BlackElo "2320"]

1.d4 Nf6 2.c4 e6 3.Nc3 Bb4 4.Qc2 O-O 5.a3 Bxc3+ 6.Qxc3 b6 7.Bg5 Bb7 8.Nh3 h6
9.Bh4 d5 10.cxd5 exd5 11.e3 Re8 12.Bd3 c5 13.O-O c4 14.Bc2 Nc6 15.f3 g5 16.Bg3 b5
17.Nf2 a5 18.h4 Nh5 19.Bh2 gxh4 20.Rfe1 Qg5 21.Qd2 Rad8 22.Rad1 Bc8 23.Bc7 Rd7
24.Bxa5 Nxa5 25.Qxa5 Rde7 26.f4 Qg3 27.Nh1 Qg7 28.Qd2 h3 29.f5 Qxg2+ 30.Qxg2+ hxg2
31.Kxg2 Rxe3 32.Rxe3 Rxe3 33.Rd2 Nf6 34.Ng3 Bd7 35.Re2 Rxe2+ 36.Nxe2 Kf8
37.Kf3 Ke7 38.Kf4 Kd6 39.Nc3 Ng8 40.Bd1 f6 41.Ne2 Ne7 42.Ng3 Nc6 43.Ke3 b4
44.axb4 Nxb4 45.Kd2 Nc6 46.Kc3 Ne7 47.Bg4 Be8 48.b3 cxb3 49.Kxb3 Kc6 50.Kb4 Kb6
51.Bf3 h5 52.Bxh5 Nxf5 53.Nxf5 Bxh5 54.Ne7 Bf3 55.Kc3 Be4 56.Kd2 Kc7 57.Ng8 f5
58.Ke3 Kd6  1/2-1/2

[Event "Hamburg HSK"]
[Site "Hamburg"]
[Date "1991.??.??"]
[Round "6"]
[White "Michaelsen, Nils"]
[Black "Chuchelov, Vladimir"]
[Result "1/2-1/2"]
[WhiteElo "2370"]
[BlackElo "2435"]

1.d4 Nf6 2.c4 e6 3.Nc3 Bb4 4.Qc2 O-O 5.a3 Bxc3+ 6.Qxc3 b6 7.Bg5 Bb7 8.Nh3 h6
9.Bh4 c5 10.dxc5 bxc5 11.f3 Nc6 12.e3 g5 13.Bg3 d5 14.O-O-O d4 15.Qe1 Ba6
16.Nf2 Qa5 17.Qxa5 Nxa5 18.exd4 cxd4 19.Be5 Nd7 20.Bxd4 Bxc4 21.Bc3 Nc5 22.h4 Bxf1
23.Rhxf1 Rfc8 24.Kb1 Nc4 25.Ng4 Na4 26.Bd4 gxh4 27.b3 Rab8 28.Nf6+ Kg7 29.Nd7+ e5
30.Nxb8 Rxb8 31.Ka2 exd4 32.bxc4 Nc3+ 33.Ka1 Nxd1 34.Rxd1 Rd8 35.Kb2 Kf6
36.Kc2 Rg8 37.Rd2 Rg3 38.Rf2 h3 39.gxh3 Rxh3 40.Kd3 Ke5 41.Re2+ Kd6 42.Kxd4 Rxf3
43.Rh2 Rf4+ 44.Kd3 Kc5 45.Rxh6 Rf3+ 46.Ke2 Rxa3 47.Rf6 a5 48.Rxf7 Kxc4 49.Kd2 Rh3
50.Kc2 Kb4 51.Kb2  1/2-1/2

[Event "Hannover"]
[Site "Hannover"]
[Date "1991.??.??"]
[Round "7"]
[White "Boensch, Uwe"]
[Black "Lobron, Eric"]
[Result "1-0"]
[WhiteElo "2535"]
[BlackElo "2545"]

1.d4 e6 2.c4 Nf6 3.Nc3 Bb4 4.Qc2 O-O 5.Nf3 c5 6.dxc5 Na6 7.g3 Nxc5 8.Bg2 Nce4
9.Bd2 Nxd2 10.Nxd2 a6 11.O-O Qc7 12.Rfc1 Be7 13.Na4 d6 14.c5 d5 15.b4 Rb8
16.Rab1 Rd8 17.Nb3 Bd7 18.Nb6 Bc6 19.a4 Nd7 20.a5 Nf6 21.Nd4 e5 22.Nxc6 Qxc6
23.Rd1 e4 24.e3 Bd6 25.Nxd5 Nxd5 26.Bxe4 Nxb4 27.Rxb4 Qxc5 28.Qxc5 Bxc5 29.Rxd8+ Rxd8
30.Rxb7 g6 31.Bc2 f5 32.h4 Rd2 33.Bb3+ Kh8 34.Be6 Rd6 35.Bf7 Rd1+ 36.Kg2 Ra1
37.h5 gxh5 38.Bxh5 Rxa5 39.Be2 Ra2 40.Kf3 a5 41.Bc4 Rd2 42.Be6 Rd6 43.Bxf5 h6
44.Rb8+ Kg7 45.Ra8 Bb6 46.Ra6 Kf6 47.e4 h5 48.Ke2 Bc7 49.Ra7 Rc6 50.Bd7 Rc5
51.Kd3 Rc1 52.Be8 Rc5 53.Bxh5 Bxg3 54.fxg3 Rxh5 55.Ke3 Rb5 56.Kf4 Kg6 57.g4 Rc5
58.Ra6+ Kg7 59.e5 Rc4+ 60.Kf5 a4 61.Ra7+ Kf8 62.g5 Rb4 63.g6 Kg8 64.e6  1-0

[Event "Hartberg op"]
[Site "Hartberg"]
[Date "1991.??.??"]
[Round "6"]
[White "Timoshenko, Georgy"]
[Black "Razuvaev, Yuri S"]
[Result "1/2-1/2"]
[WhiteElo "2475"]
[BlackElo "2585"]

1.d4 Nf6 2.c4 e6 3.Nc3 Bb4 4.Qc2 O-O 5.Nf3 c5 6.dxc5 Na6 7.Bd2 Nxc5 8.e3 b6
9.Be2 Bb7 10.O-O Nce4 11.Nxe4 Bxe4 12.Bd3 Bxd3 13.Qxd3 Bxd2 14.Qxd2 Qc7 15.Rac1 Rac8
16.Rfd1 Rfd8 17.b3 h6 18.h3 Qb7  1/2-1/2

[Event "Helsingborg-A"]
[Site "Helsingborg"]
[Date "1991.??.??"]
[Round "?"]
[White "Ziegler, Ari"]
[Black "Jepson, Christian"]
[Result "0-1"]
[WhiteElo "2275"]
[BlackElo "2235"]

1.d4 Nf6 2.c4 e6 3.Nc3 Bb4 4.Qc2 O-O 5.a3 Bxc3+ 6.Qxc3 b5 7.cxb5 c6 8.g3 cxb5
9.Bg2 Nc6 10.e4 Bb7 11.Ne2 a5 12.Be3 b4 13.Qd2 d5 14.e5 Nd7 15.O-O bxa3 16.Rxa3 Nb6
17.b3 a4 18.Bg5 Qd7 19.Nf4 f6 20.exf6 gxf6 21.Bh6 Rfe8 22.Bh3 Qf7 23.Bg4 Kh8
24.Bh5 Qe7 25.Bxe8 Rxe8 26.Nh5 Rg8 27.Rxa4 Nxa4 28.bxa4 e5 29.Be3 Qf7 30.Rb1 Bc8
31.Qc1 Nxd4 32.Bxd4 Qxh5 33.Qc6 Qf5 34.Rd1 exd4 35.a5 Qe6 36.Qc5 d3 37.Qd4 Ba6
38.Rb1 Qe5 39.Qb6 Ra8 40.Qc6 Ra7 41.Qc5 Re7 42.Rb8+ Kg7  0-1

[Event "Helsingborg-A"]
[Site "Helsingborg"]
[Date "1991.??.??"]
[Round "?"]
[White "Nordstrom, Felix"]
[Black "Clementsson, Jan"]
[Result "1/2-1/2"]
[WhiteElo "2225"]
[BlackElo "2200"]

1.d4 e6 2.c4 Nf6 3.Nc3 Bb4 4.Qc2 O-O 5.a3 Bxc3+ 6.Qxc3 b5 7.cxb5 c6 8.bxc6 Nxc6
9.Nf3 Ba6 10.Bg5 Rc8 11.e3 Qb6 12.Bxf6 gxf6 13.Bxa6 Qxa6 14.Rd1 Na5 15.Qd3 Qxd3
16.Rxd3 Rc1+ 17.Rd1 Rc2 18.Rd2 Rfc8 19.O-O d5 20.b4 Rxd2 21.Nxd2 Rc2 22.bxa5 Rxd2  1/2-1/2

[Event "Helsinki op"]
[Site "Helsinki"]
[Date "1991.??.??"]
[Round "?"]
[White "Issakainen, Ari"]
[Black "Valkesalmi, Kimmo"]
[Result "1/2-1/2"]
[WhiteElo "2280"]
[BlackElo "2390"]

1.d4 Nf6 2.c4 e6 3.Nc3 Bb4 4.Qc2 O-O 5.a3 Bxc3+ 6.Qxc3 d6 7.Bg5 Re8 8.e3 e5
9.Bd3 h6 10.Bh4 Qe7 11.Ne2 e4 12.Bc2 c6 13.O-O Bg4 14.Bxf6 Qxf6 15.Ng3 d5
16.Rac1 Nd7 17.cxd5 cxd5 18.Ba4 Red8 19.Qa5 Nb6 20.Bb3 Qd6 21.Rc2  1/2-1/2

[Event "HUN-ch (Women)"]
[Site "HUN"]
[Date "1991.??.??"]
[Round "?"]
[White "Velvart, Peterne"]
[Black "Madl, Ildiko"]
[Result "1/2-1/2"]
[WhiteElo "2155"]
[BlackElo "2370"]

1.d4 Nf6 2.c4 e6 3.Nc3 Bb4 4.Qc2 O-O 5.Bg5 c5 6.e3 h6 7.Bh4 cxd4 8.exd4 Nc6
9.Nf3 Be7 10.Rd1 d5 11.a3 Bd7 12.c5 Rc8 13.b4 a5 14.b5 Nxd4 15.Nxd4 Bxc5
16.Qb2 a4 17.Nc2 Qc7 18.Bxf6 gxf6 19.Rd3 Bd6 20.Ne3 Be5 21.Ned1 Qa5 22.Qd2 d4
23.Na2 Qxd2+ 24.Rxd2 Rc5 25.f4 Bc7 26.Rxd4 Ba5+ 27.Nb4 Rd8 28.Nb2 e5 29.Nd3 Rc3
30.fxe5 fxe5  1/2-1/2

[Event "HUN-chT"]
[Site "HUN"]
[Date "1991.??.??"]
[Round "?"]
[White "Szekeres, Tibor"]
[Black "Pogats, Jozsef"]
[Result "1/2-1/2"]
[WhiteElo "2220"]
[BlackElo "2305"]

1.d4 Nf6 2.c4 e6 3.Nc3 Bb4 4.Qc2 O-O 5.Nf3 c5 6.e3 b6 7.Be2 Bb7 8.O-O cxd4
9.exd4 d5 10.cxd5 Nxd5 11.Ne4 h6 12.Ne5 Be7 13.a3 Nd7 14.Nc6 Bxc6 15.Qxc6 N7f6
16.Nd2 a6 17.Nf3 Qb8 18.Ne5 Rc8 19.Qa4 b5 20.Qd1 Bd6 21.f4 Qb6 22.Kh1 g6
23.Qd3 Kg7 24.Rf3 h5 25.Bd2 Ne7 26.f5 Nxf5 27.Bg5 Bxe5 28.dxe5 Nh7 29.Rxf5 exf5
30.Bh4 Rc4 31.Be1 Rd8 32.Qg3 h4 33.Qb3 Re4 34.Bf3 Re3 35.Bc3 Qe6 36.Qb4 h3
37.Qf4 Rdd3 38.Bb7 g5 39.Qb4 hxg2+ 40.Bxg2 Rxc3 41.bxc3 Qxe5 42.Qd4 Qxd4
43.cxd4 Rd3 44.Bb7 a5 45.Rb1 Rxd4 46.Rxb5 f4 47.Rxa5 g4 48.Bc8 Nf6 49.Bxg4 Nxg4
50.Rg5+ Kf6 51.Rxg4 Kf5 52.Rg1 f3 53.Ra1 Re4 54.Kg1 Kg4 55.a4 Re2 56.Ra3 f5
57.a5 Re1+ 58.Kf2 Rh1 59.a6 Rxh2+ 60.Kg1 Rh8 61.a7  1/2-1/2